LEADER 00986cam0-2200337---450- 001 990005067410403321 005 20110718093427.0 035 $a000506741 035 $aFED01000506741 035 $a(Aleph)000506741FED01 035 $a000506741 100 $a19990604d1960----km-y0itay50------ba 101 0 $aeng 102 $aGB 105 $aa---z---001yy 200 1 $aOxford progressive english for adult learners$fby A. S. Hornby 205 $aRepr. 210 $aLondon$cOxford University Press$d1960 215 $a3 v.$cill.$d18 cm 610 0 $aLingua inglese$aInsegnamento per stranieri 676 $a428.24 700 1$aHornby,$bAlbert Sydney$f<1898-1978>$031023 801 0$aIT$bUNINA$gRICA$2UNIMARC 901 $aBK 912 $a990005067410403321 952 $a428.24 HOR 1(1-3)$bFil.Mod. 8106$fFLFBC 952 $aI Diz 21.1$b3595$fDMVSF 959 $aFLFBC 959 $aDMVSF 996 $aOxford progressive english for adult learners$9531659 997 $aUNINA LEADER 01991oam 2200577 450 001 9910713647103321 005 20200630110710.0 035 $a(CKB)5470000002503203 035 $a(OCoLC)966434901 035 $a(OCoLC)995470000002503203 035 $a(EXLCZ)995470000002503203 100 $a20161219d1994 ua 0 101 0 $aeng 135 $aurbn||||||||| 181 $ctxt$2rdacontent 182 $cc$2rdamedia 183 $acr$2rdacarrier 200 10$aHistorical and potential scour around bridge piers and abutments of selected stream crossings in Indiana /$fby David S. Mueller, Robert L. Miller, and John T. Wilson 210 1$aIndianapolis, Indiana :$cU.S. Geological Survey,$d1994. 215 $a1 online resource (xiv, 109 pages) $cillustrations, map 225 1 $aWater-resources investigations report ;$v93-4066 300 $a"Prepared in cooperation with the Indiana Department of Transportation." 320 $aIncludes bibliographical references (pages 107-109). 606 $aScour at bridges$zIndiana 606 $aBridges$zIndiana 606 $aErosion$zIndiana 606 $aSedimentation and deposition$zIndiana 606 $aErosion$2fast 606 $aScour at bridges$2fast 607 $aIndiana$2fast 615 0$aScour at bridges 615 0$aBridges 615 0$aErosion 615 0$aSedimentation and deposition 615 7$aErosion. 615 7$aScour at bridges. 700 $aMueller$b David S.$01386093 702 $aMiller$b Robert L$g(Robert Lyle),$f1941- 702 $aWilson$b John T. 712 02$aGeological Survey (U.S.), 712 02$aIndiana.$bDepartment of Transportation. 801 0$bCOP 801 1$bCOP 801 2$bOCLCO 801 2$bOCLCF 801 2$bOCLCA 801 2$bGPO 906 $aBOOK 912 $a9910713647103321 996 $aHistorical and potential scour around bridge piers and abutments of selected stream crossings in Indiana$93438645 997 $aUNINA